Lắp đặt các thiết bị thí nghiệm quang - điện - từ /

Sparad:
Bibliografiska uppgifter
Huvudupphovsman: Thái Ngọc Lợi.
Materialtyp: Artikel
Språk:Vietnamese
Taggar: Lägg till en tagg
Inga taggar, Lägg till första taggen!
Thư viện lưu trữ: Thư viện Trường Đại học Đà Lạt
LEADER 00714nam a2200229 4500
001 DLU120137152
005 ##20120712
040 # # |a DLU  |b vie 
041 # # |a vie 
044 # # |a vn 
100 # # |a Thái Ngọc Lợi. 
245 # # |a Lắp đặt các thiết bị thí nghiệm quang - điện - từ /  |c Thái Ngọc Lợi.. 
773 # # |t Kỷ yếu hội nghị khoa học sinh viên Trường đại học Đà Lạt   |g 1999, tr.22-26  
920 # # |a Phòng Tạp chí -- Trung tâm Thông tin - Thư viện Trường Đại học Đà Lạt 
994 # # |a DLU 
900 # # |a True 
911 # # |a Nguyễn Huyền Anh 
925 # # |a G 
926 # # |a A 
927 # # |a BB 
980 # # |a Thư viện Trường Đại học Đà Lạt